Statistics for All County Seats in Kentucky

Click here to take the quiz!

General Stats

  • This quiz has been taken 5 times
  • The average score is 16 of 122

Answer Stats

CountyCounty Seat% Correct
WarrenBowling Green
80%
FranklinFrankfort
80%
HardinElizabethtown
60%
SimpsonFranklin
60%
JeffersonLouisville
60%
KentonCovington
40%
GreenGreensburg
40%
MuhlenburgGreenville
40%
HarlanHarlan
40%
HendersonHenderson
40%
FultonHickman
40%
ChristianHopkinsville
40%
BreathittJackson
40%
DaviessOwensboro
40%
McCrackenPaducah
40%
BellPineville
40%
MadisonRichmond
40%
ShelbyShelbyville
40%
SpencerTaylorsville
40%
WhitleyWilliamsburg
40%
CampbellAlexandria
20%
KnoxBarbourville
20%
NelsonBardstown
20%
TrimbleBedford
20%
OwsleyBooneville
20%
NicholasCarlisle
20%
CarrollCarrollton
20%
HickmanClinton
20%
AdairColumbia
20%
BoyleDanville
20%
WebsterDixon
20%
ToddElkton
20%
FlemingFlemingsburg
20%
ScottGeorgetown
20%
CarterGrayson
20%
GreenupGreenup
20%
OhioHartford
20%
KentonIndependence
20%
OldhamLa Grange
20%
FayetteLexington
20%
LaurelLondon
20%
LawrenceLouisa
20%
HopkinsMadisonville
20%
ClayManchester
20%
CrittendenMarion
20%
UnionMorganfield
20%
ButlerMorgantown
20%
RockcastleMount Vernon
20%
CampbellNewport
20%
JessamineNicholasville
20%
JohnsonPaintsville
20%
PikePikeville
20%
FloydPrestonsburg
20%
LoganRussellville
20%
McCrearyWhitley City
20%
ClintonAlbany
0%
CarlisleBardwell
0%
LeeBeattyville
0%
MarshallBenton
0%
MeaneBrandenburg
0%
BrackenBrooksville
0%
EdmonsonBrownsville
0%
CumberlandBurkesville
0%
BooneBurlington
0%
TriggCadiz
0%
McLeanCalhoun
0%
TaylorCampbellsville
0%
WolfeCampton
0%
BoydCatlettsburg
0%
HarrisonCynthiana
0%
LyonEddyville
0%
MetcalfeEdmonton
0%
PendeltonFalmouth
0%
MenifeeFrenchburg
0%
BarrenGlasgow
0%
BreckinridgeHardinsburg
0%
MercerHarrodsburg
0%
HancockHawesville
0%
PerryHazard
0%
KnottHindman
0%
LaRueHodgenville
0%
LeslieHyden
0%
MartinInez
0%
EstillIrvine
0%
RussellJamestown
0%
GarrardLancaster
0%
AndersonLawrenceburg
0%
MarionLebanon
0%
GraysonLeitchfield
0%
CaseyLiberty
0%
GravesMayfield
0%
MasonMaysville
0%
JacksonMcKee
0%
WayneMonticello
0%
RowanMorehead
0%
RobertsonMount Olivet
0%
MontgomeryMount Sterling
0%
HartMunfordville
0%
CallowayMurray
0%
HenryNew Castle
0%
OwenOwenton
0%
BathOwingsville
0%
BourbonParis
0%
CaldwellPrincetown
0%
MagoffinSalyersville
0%
ElliottSandy Hook
0%
AllenScottsville
0%
BullittShepherdsville
0%
LivingstonSmithland
0%
PulaskiSomerset
0%
WashingtonSpringfield
0%
LincolnStanford
0%
PowellStanton
0%
MonroeTompkinsville
0%
LewisVanceburg
0%
WoodfordVersailles
0%
GallatinWarsaw
0%
MorganWest Liberty
0%
LetcherWhitesburg
0%
BallardWickliffe
0%
GrantWilliamstown
0%
ClarkWinchester
0%

Score Distribution

Percentile by Number Answered

Percent of People with Each Score

Your Score History

You have not taken this quiz